|
|
|
|
| LEADER |
00741cam a2200181 7i4500 |
| 001 |
0000015821 |
| 005 |
20171026090000.0 |
| 008 |
070620 eng |
| 090 |
0 |
0 |
|a HF5549
|b .E46 2006
|
| 100 |
0 |
|
|a Elmi Ezati Mohd Fadzil
|
| 245 |
1 |
2 |
|a A study case of implementing quality in managing human resource at Permodalan Nasional Berhad
|c Elmi Ezati Mohd Fadzil.
|
| 260 |
|
|
|a Bestari Jaya, Selangor:
|b UNISEL,
|c 2006.
|
| 300 |
|
|
|a viii, 108 p.;
|c 30 cm.
|
| 610 |
2 |
|
|a Universiti Industri Selangor
|
| 650 |
0 |
0 |
|a Personnel management
|
| 650 |
0 |
0 |
|a Education planning
|
| 997 |
|
|
|a Engineering & Life Sciences, Faculty
|b Engineering, Department
|
| 999 |
|
|
|a PRC0000182
|b PROJECT REPORT COLLECTION
|c PROJECT REPORT COLLECTION
|e 2nd Floor, Shah Alam
|